00290nam a2200121Ia 4500008004100000082001300041100001600054245004100070250000800111260003300119300000800152650000800160191201s2013 xx 000 0 und d a658bPRP aPRASAD, L.M 0aPrinciple and Practice of Management aRep aN. DelhibSultan Chandc2013 a776 aBBA